| 000 | 00673nam a2200193Ia 4500 | ||
|---|---|---|---|
| 003 | GCL | ||
| 008 | 140319s9999 xx 000 0 ara d | ||
| 040 |
_aGCL / _cGCL |
||
| 082 | 0 | 4 |
_a574.03 _bك م |
| 100 | 1 | _aهشام كمال الحناوى | |
| 245 | 1 | 0 |
_aمعجم مصطلحات علم الاحياء: نبات\ حيوان تصنيف \ وراثة / _cهشام كمال الحناوى |
| 700 | 1 | _aكمال الدين الحناوى | |
| 260 |
_a[S.N] : _bالمكتبة الاكاديمية ، _c1955 |
||
| 300 | _a541 ص | ||
| 490 |
_aدراسة فى ازمة الخليج _v0 |
||
| 650 | 0 | 4 | _aالمعاجم |
| 650 | 0 | 4 | _aعلم الاحياء |
| 942 |
_2ddc _cREF |
||
| 999 |
_c59585 _d59585 |
||